L'art de l'Asie occidentale ancienne / (Record no. 26842)
[ view plain ]
| 000 -LEADER | |
|---|---|
| fixed length control field | 00893cam a22002891 4500 |
| 001 - CONTROL NUMBER | |
| control field | 26842 |
| 003 - CONTROL NUMBER IDENTIFIER | |
| rucl marc code | BD-RjUL |
| 005 - DATE AND TIME OF LATEST TRANSACTION | |
| control field | 20211209051056.0 |
| 008 - FIXED-LENGTH DATA ELEMENTS--GENERAL INFORMATION | |
| fixed length control field | 140323s1928 fr bf b 000 0 fre c |
| 035 ## - SYSTEM CONTROL NUMBER | |
| System control number | (BD-RjUL)26913 |
| System control number | (OCoLC)1021804 |
| 040 ## - CATALOGING SOURCE | |
| Original cataloging agency | Univ. of Mich. |
| Transcribing agency | NBiSU |
| Modifying agency | OCoLC |
| -- | RPB |
| -- | DLC |
| Language of cataloging | eng |
| 041 ## - LANGUAGE CODE | |
| Language code of text/sound track or separate title | eng |
| 082 ## - DEWEY DECIMAL CLASSIFICATION NUMBER | |
| Classification number | 935 |
| Author mark and year | COL 1928 |
| 100 1# - MAIN ENTRY--PERSONAL NAME | |
| Personal name | Contenau, G. |
| Fuller form of name | (Georges), |
| Dates associated with a name | 1877- |
| 9 (RLIN) | 82500 |
| 245 12 - TITLE STATEMENT | |
| Title | L'art de l'Asie occidentale ancienne / |
| Statement of responsibility, etc. | par Georges Contenau ... |
| 260 ## - PUBLICATION, DISTRIBUTION, ETC. (IMPRINT) | |
| Place of publication, distribution, etc. | Paris : |
| -- | Bruxelles, |
| Name of publisher, distributor, etc. | G. van Oest, |
| Date of publication, distribution, etc. | 1928. |
| 300 ## - PHYSICAL DESCRIPTION | |
| Pagination | LXIV pl. : |
| Illustrations | ill. ; |
| Size | 25 cm. |
| 490 0# - SERIES STATEMENT | |
| Series statement | Bibliothèque d'histoire de l'art |
| 504 ## - BIBLIOGRAPHY, ETC. NOTE | |
| Bibliography, etc | "Bibliographie sommaire": p. [53]-55. |
| 650 #0 - SUBJECT ADDED ENTRY--TOPICAL TERM | |
| Topical term or geographic name as entry element | Art |
| Geographic subdivision | Turkey. |
| 9 (RLIN) | 82501 |
| Topical term or geographic name as entry element | Architecture |
| Geographic subdivision | Turkey. |
| 9 (RLIN) | 82502 |
| 651 #0 - SUBJECT ADDED ENTRY--GEOGRAPHIC NAME | |
| Geographic name | Turkey |
| General subdivision | Antiquities. |
| 9 (RLIN) | 82503 |
| 942 ## - ADDED ENTRY ELEMENTS (KOHA) | |
| Source of classification or shelving scheme | Dewey Decimal Classification |
| Koha item type | Books |
| Lost status | Source of classification or shelving scheme | Damaged status | Not for loan | Collection code | Permanent Location | Current Location | Shelving location | Date acquired | Total Checkouts | Full call number | Date last seen | Copy number | Koha item type |
|---|---|---|---|---|---|---|---|---|---|---|---|---|---|
| Dewey Decimal Classification | Added to bundle | Non-fiction | Central Library, University of Rajshahi | Central Library, University of Rajshahi | Reading Room | 23/03/2014 | 935 COL 1928 | 23/03/2014 | C-1 | Books |